De l'amélioration de la loi criminelle (Record no. 152376)

MARC details
000 -LEADER
campo de control de longitud fija 00744nam a2200181 i 4500
001 - NÚMERO DE CONTROL
campo de control 152376
003 - IDENTIFICADOR DE NÚMERO DE CONTROL
campo de control ES-MaACL
005 - FECHA Y HORA DE LA ÚLTIMA TRANSACCIÓN
campo de control 20230906204717.0
008 - DATOS DE LONGITUD FIJA--INFORMACIÓN GENERAL
campo de control de longitud fija 981216s1864 fr |||| | fre d
100 1# - ENTRADA PRINCIPAL--NOMBRE DE PERSONA
Nombre de persona Bonneville de Marsangy, Arnould (
Fechas asociadas al nombre 1802-1894)
9 (RLIN) 126070
245 10 - MENCIÓN DEL TÍTULO
Título De l'amélioration de la loi criminelle
Resto del título : en vue d'une justice plus prompte, plus efficace, plus généreuse et plus moraisante /
Mención de responsabilidad, etc. par Bonneville de Marsangy.
260 ## - PUBLICACIÓN, DISTRIBUCIÓN, ETC.
Lugar de publicación, distribución, etc. Paris :
Nombre del editor, distribuidor, etc. Cotillon :
-- Cosse & Marchal,
Fecha de publicación, distribución, etc. 1864.
300 ## - DESCRIPCIÓN FÍSICA
Extensión 2 v. (XXXIV-732 p., XXX-700 p.) ;
Dimensiones 23 cm.
597 ## - NOTA DE DESCRIPCIÓN FÍSICA
NOTA DE DESCRIPCIÓN FÍSICA Antep.
650 #4 - PUNTO DE ACCESO ADICIONAL DE MATERIA--TÉRMINO DE MATERIA
Término de materia o nombre geográfico como elemento de entrada Derecho penal-
Subdivisión geográfica Francia.
9 (RLIN) 155135
852 ## - LOCALIZACIÓN
Ubicación ES-MaACL
Número de control de estantería G-8138-39
Nota libre - Enc. hol.
852 ## - LOCALIZACIÓN
Ubicación ES-MaACL
Número de control de estantería D-205-06
Nota libre - Enc. hol.
-- . - Donativo Lastres
Holdings
Estatus retirado Estado de pérdida Estado de daño No para préstamo Colección Biblioteca de origen Biblioteca actual Ubicación en estantería Fecha de adquisición Total de préstamos Signatura topográfica completa Código de barras Visto por última vez Precio de reemplazo Tipo de ítem Koha
        Libros del s. XIX Biblioteca del Ateneo de Madrid Biblioteca del Ateneo de Madrid Sala Valle Inclán 17/01/2008   D-205-06 901159106 23/02/2023 23/02/2023 Libro impreso antiguo
        Libros del s. XIX Biblioteca del Ateneo de Madrid Biblioteca del Ateneo de Madrid Sala Pecera Planta 3 17/01/2008   G-8138-39 1159105 23/02/2023 23/02/2023 Libro impreso antiguo